Một số vấn đề chọn lọc của hóa học

Shranjeno v:
Bibliografske podrobnosti
Format: Knjiga
Jezik:Undetermined
Izdano: Hà Nội Giáo dục 2003
Teme:
Oznake: Označite
Brez oznak, prvi označite!
Thư viện lưu trữ: Trung tâm Học liệu Trường Đại học Cần Thơ
LEADER 00441nam a2200157Ia 4500
001 CTU_93150
008 210402s9999 xx 000 0 und d
082 |a 541 
082 |b M458/T.1 
245 0 |a Một số vấn đề chọn lọc của hóa học 
260 |a Hà Nội 
260 |b Giáo dục 
260 |c 2003 
650 |a Chemistry 
904 |i Trúc,Hải 
980 |a Trung tâm Học liệu Trường Đại học Cần Thơ